Àlbum meravella : llibre de belleses naturals i artístiques de Catalunya llibre de belleses naturals i artístiques de Catalunya
Descripción Física:
6 v. : il. ; 28 cm
Otros Autores:
Centre Excursionista Barcelonès
MARC
| LEADER | 00000nam a2200000Ia 4500 | ||
|---|---|---|---|
| 001 | 983, 984, 985 | ||
| 008 | 160829s9999 xx 000 0 cat d | ||
| 080 | |a H-2-187, H-2-188, H-2-189 | ||
| 245 | |a Àlbum meravella : |b llibre de belleses naturals i artístiques de Catalunya | ||
| 260 | |a Barcelona : |b Catalònia, [1927?] - 1936 | ||
| 300 | |a 6 v. : |b il. ; |c 28 cm | ||
| 590 | |a Patronatge de: C. Excursionista Barcelonès | ||
| 650 | |a Art |x Catalunya I |9 38439 | ||
| 650 | |a Comarques |x Catalunya |9 29217 | ||
| 651 | 0 | |a Catalunya |x Descripcions i viatges |9 54165 | |
| 651 | 0 | |a Catalunya |x Geografia |9 56416 | |
| 700 | |a Centre Excursionista Barcelonès |9 38440 | ||
| 866 | |a 2, 4, 5 | ||
| 901 | |a Arxiu | ||
| 942 | |n 1 | ||
| 952 | |0 0 |1 0 |4 0 |6 H2187_H2188_H2189 |7 1 |9 48423 |a Arxiu |b Arxiu |d 2016-12-01 |l 0 |o H-2-187, H-2-188, H-2-189 |p 983, 984, 985 |r 2016-12-01 00:00:00 |w 2016-12-01 |y ARXIU | ||
| 999 | |c 52251 |d 52251 | ||